[Event "Marseille op 4th"]
[Site "Marseille"]
[Date "2011.12.28"]
[Round "5"]
[White "Vauchelle, Stephane"]
[Black "Lellouche, Franck"]
[Result "1-0"]
[WhiteElo "1499"]
[BlackElo "1270"]
[PlyCount "73"]
[EventDate "2011.12.26"]
[EventType "swiss"]
[EventRounds "9"]
[EventCountry "FRA"]
[SourceTitle "CBM 146 Extra"]
[Source "ChessBase"]
[SourceDate "2012.02.29"]
[SourceVersion "1"]
[SourceVersionDate "2012.02.29"]
[SourceQuality "1"]

1. e4 c6 2. d4 d5 3. e5 Bf5 4. Nf3 Nd7 5. Be3 e6 6. Nbd2 Bg4 7. c3 b6 8. Be2 c5 9. Qa4 Bxf3 10. Bxf3 Qc8 11. Rc1 a6 12. 0-0 b5 13. Qd1 c4 14. Bg4 Ne7 15. f4 Nf5 16. Bxf5 exf5 17. g4 fxg4 18. Qxg4 h5 19. Qh3 Rb8 20. e6 fxe6 21. Qxe6+ Be7 22. Qxd5 Rb6 23. Nf3 Rhh6 24. Qg8+ Nf8 25. Ne5 Rbf6 26. f5 Rxf5 27. Bxh6 gxh6 28. Rxf5 Qxf5 29. Rf1 Qe4 30. Qf7+ Kd8 31. Qxh5 Qe3+ 32. Kh1 Qe4+ 33. Qf3 Qh4 34. Qa8+ Kc7 35. Qc6+ Kd8 36. Rxf8+ Bxf8 37. Qd7# 1-0

[Event "Marseille op 2nd "]
[Site "Marseille"]
[Date "2009.12.30"]
[Round "9"]
[White "Lellouche, Franck"]
[Black "Dossous, Kendra"]
[Result "1-0"]
[WhiteElo "1150"]
[BlackElo "1099"]
[PlyCount "49"]
[EventDate "2009.12.26"]
[EventType "swiss"]
[EventRounds "9"]
[EventCountry "FRA"]
[SourceTitle "CBM 134 Extra"]
[Source "ChessBase"]
[SourceDate "2010.03.03"]
[SourceVersion "1"]
[SourceVersionDate "2010.03.03"]
[SourceQuality "1"]

1. e4 e5 2. Nf3 Nc6 3. Nc3 Bc5 4. Nxe5 Nxe5 5. d4 Nc6 6. dxc5 d6 7. Be3 Nf6 8. Bb5 0-0 9. 0-0 Bg4 10. f3 Bh5 11. g4 Bg6 12. Bg5 a6 13. Ba4 Qe7 14. Nd5 Qe5 15. Bxf6 gxf6 16. f4 Qxe4 17. Nxf6+ Kh8 18. Nxe4 Bxe4 19. Bxc6 Bxc6 20. cxd6 Rac8 21. Qd4+ Kg8 22. h4 Rce8 23. Rfe1 Rd8 24. Re5 Bd7 25. Rg5# 1-0

[Event "Marseille op 2nd "]
[Site "Marseille"]
[Date "2009.12.28"]
[Round "5"]
[White "Lellouche, Franck"]
[Black "Flores, Antonio"]
[Result "0-1"]
[WhiteElo "1150"]
[BlackElo "1500"]
[PlyCount "86"]
[EventDate "2009.12.26"]
[EventType "swiss"]
[EventRounds "9"]
[EventCountry "FRA"]
[SourceTitle "CBM 134 Extra"]
[Source "ChessBase"]
[SourceDate "2010.03.03"]
[SourceVersion "1"]
[SourceVersionDate "2010.03.03"]
[SourceQuality "1"]

1. e4 Nc6 2. Nf3 e6 3. Nc3 Bd6 4. Bb5 Nce7 5. d4 Ng6 6. Be3 c6 7. Bd3 e5 8. d5 Nf6 9. Bc4 c5 10. Qd3 a6 11. a4 0-0 12. 0-0 Nh5 13. Bg5 f6 14. Bd2 Nhf4 15. Bxf4 Nxf4 16. Qe3 Qe8 17. g3 Qg6 18. Kh1 Nh3 19. Nh4 Qh5 20. Be2 Qg5 21. Qxg5 fxg5 22. Nf5 Bc7 23. Bc4 d6 24. Ne7+ Kh8 25. Nxc8 Raxc8 26. Kg2 g4 27. Be2 h5 28. Rad1 c4 29. Bxc4 Bb6 30. b3 Rxf2+ 31. Rxf2 Bxf2 32. Rd2 Bd4 33. Ne2 Bb6 34. Bd3 Rf8 35. Nc1 Ng5 36. h4 Nf3 37. Be2 Nxd2 38. Bd1 Rf2+ 39. Kh1 Rf1+ 40. Kh2 Rxd1 41. Ne2 Re1 42. Ng1 Rxg1 43. c3 Nf3# 0-1

[Event "Marseille op 2nd "]
[Site "Marseille"]
[Date "2009.12.27"]
[Round "3"]
[White "Lellouche, Franck"]
[Black "Muscariello, Jean"]
[Result "1-0"]
[WhiteElo "1150"]
[BlackElo "1464"]
[PlyCount "119"]
[EventDate "2009.12.26"]
[EventType "swiss"]
[EventRounds "9"]
[EventCountry "FRA"]
[SourceTitle "CBM 134 Extra"]
[Source "ChessBase"]
[SourceDate "2010.03.03"]
[SourceVersion "1"]
[SourceVersionDate "2010.03.03"]
[SourceQuality "1"]

1. e4 e5 2. Nf3 d6 3. Nc3 Nc6 4. d4 exd4 5. Nxd4 Bd7 6. Nxc6 Bxc6 7. Bb5 Qd7 8. Bxc6 Qxc6 9. Qd5 Ne7 10. Qxc6+ Nxc6 11. Nd5 0-0-0 12. 0-0 Re8 13. f3 g6 14. Nf6 Re6 15. Nd5 Bg7 16. Nf4 Ree8 17. c3 h6 18. h4 h5 19. g3 Be5 20. Be3 Kb8 21. Rad1 Na5 22. Bd4 Nc6 23. Bxe5 Nxe5 24. b4 a6 25. Rd5 Nc4 26. Kf2 Nb6 27. Rg5 Nc4 28. Re1 Ne5 29. a4 Rhg8 30. Nd5 Re6 31. Nf4 Ree8 32. Nd5 Rg7 33. Re3 Rf8 34. Nf6 Kc8 35. f4 Nc4 36. Rd3 Nb2 37. Rd4 Nxa4 38. c4 Nb6 39. c5 Nd7 40. e5 Nxf6 41. exf6 Rgg8 42. cxd6 Rd8 43. Rc5 Rd7 44. Kf3 Re8 45. g4 hxg4+ 46. Kxg4 Re6 47. Kg5 Rexd6 48. Rxd6 Rxd6 49. f5 gxf5 50. Kxf5 b6 51. Re5 Kd8 52. h5 c6 53. h6 Rd5 54. Rxd5+ cxd5 55. h7 Kd7 56. h8Q Kc6 57. Qc8+ Kb5 58. Qd7+ Kxb4 59. Qxd5 b5 60. Qxf7 1-0